LEADER 00860nam a2200253 i 4500 001 000000152043 003 CaOOAMICUS 005 20060720000000.0 008 060720s1978 it u000 u ita u 013 $a129384 040 $aSeMil$bita 100 1 $aCitati, Pietro,$d<1930-2022>.$0(OLS)http://semarc/name/8609 245 12$aI frantumi del mondo /$cPietro Citati. 260 $aMilano :$bRizzoli,$c1978. 300 $a157 p. ;$c23 cm. 490 0 $aLa scala 500 $aFondo Ciprandi. 830 3$aLa scala.$0(OLS)http://semarc/title/7359 850 $aSeMil 852 $aSeMil$W1$xVenegono$y1$m1D VI 147$j104004$B104004$CSeMilBibl$Z2$F113087 $81 941 1 $a1 961 $aOmaggio: Ciprandi dott. Paolo 996 $6245$aI frantumi del mondo$9(OLS)http://semarc/title/222240 996 $6260$aMilano :$bRizzoli$9(OLS)http://semarc/publisher/29824 LEADER 00955nam a2200229 i 4500 001 000000235234 003 CaOOAMICUS 005 20141031000000.0 008 141031s1953 it u000 u ita u 013 $a214137 040 $aSeMil$bita 100 1 $aVerdone, Mario.$0(OLS)http://semarc/name/8497 245 13$aIl cinema per ragazzi e la sua storia /$cdi Mario Verdone. 260 $aRoma :$bEdicine,$c1953. 300 $a84 p., [16] p. di tav. :$bill. ;$c24 cm. 490 0 $aI quaderni della Rivista del cinematografo ;$v3 650 4$aCinema - Ragazzi.$0(OLS)http://semarc/subject/41688 830 2$aI quaderni della Rivista del cinematografo ;$v3.$0(OLS)http://semarc/title/41985 850 $aSeMil 852 $aSeMil$W1$xVenegono$y1$m3M III 107$j185580$B185580$CSeMilBibl$Z2$F196483 $81 996 $6245$aIl cinema per ragazzi e la sua storia$9(OLS)http://semarc/title/335453 996 $6260$aRoma :$bEdicine$9(OLS)http://semarc/publisher/38692